Dzień w historii – maj - Statystyki

Ogólne statystyki
  • Ten quiz został rozwiązany 1 515 razy
  • Średni wynik to 17 z 31
Statystyki odpowiedzi
Data Rok Wskazówka Odpowiedź % Poprawnych
3 maj 1791 Uchwalona przez Sejm Czteroletni Konstytucja 3 Maja
93%
7 maj 2000 Ten pasjonat judo zostaje prezydentem Rosji Władimir Putin
87%
8 maj 1945 To państwo kapituluje bezwarunkowo Niemcy
85%
25 maj 1609 Ostatecznie została przenesiona z Krakowa do Warszawy Stolica
79%
16 maj 1929 Pierwszy raz wręczono nazywaną dzisiaj w ten sposób nagrodę amerykańskiej Akademii Filmowej Oscar
77%
11 maj 1997 Garri Kasparow, słynny gracz tej gry, zostaje pokonany przez robota Szachy
76%
12 maj 1949 Kończy się radziecka blokada zachodniej części tego miasta Berlin
74%
21 maj 1674 Królem Polski zostaje ten hetman, który9 lat później zatryumfuje pod Wiedniem Jan III Sobieski
73%
2 maj 2011 Śmierć tego terrorysty w Pakistanie Osama Bin Laden
72%
14 maj 1922 W tym mieście reprezentacja Polski rozgrywaswój pierwszy mecz jako gospodarz Kraków
67%
13 maj 1888 Zostaje to zniesione w Brazylii Niewolnictwo
67%
10 maj 1994 Ten człowiek zostaje pierwszym czarnym przywódcą RPA Nelson Mandela
66%
20 maj 1498 Ten portugalski odkrywca dopływa do Indii Vasco da Gama
66%
29 maj 1953 Edmund Hillary i Tenzing Norgay jako pierwsiw historii zdobywają ten szczyt Mount Everest
62%
23 maj 1915 Kraj ten zmienił stronę i od wtedy walczyłpo stronie Ententy w I wojnie światowej Włochy
61%
30 maj 1431 Ta francuska wojowniczka zostaje spalona na stosie Joanna d'Arc
58%
9 maj 1936 Ten kraj oficjalnie anektują Włochy Etiopia
48%
5 maj 1939 Ten polski minister spraw zagranicznych odrzuca żądania Niemiec dotyczące Gdańska i korytarza pomorskiego Józef Beck
47%
15 maj 1926 Zakończył się w Polsce przewrót majowy, któryzapoczątkował rządy potocznie nazywane w ten sposób Sanacja
45%
19 maj 2004 W swój pierwszy lot wyruszył samolot tych tanich linii lotniczych Wizz Air
41%
24 maj 1844 Samuel Morse wysyła po raz pierwszyoficjalną wiadomość tym urządzeniem Telegraf
39%
26 maj 1940 Alianci wycofują swoje wojska z tego francuskiego miasta Dunkierka
38%
27 maj 1992 Wskutek prawdopodobnie serbskiego ostrzału tego miasta zginęło 18 osób stojących w kolejce po chleb Sarajewo
37%
4 maj 2009 Niszczyciel z Korei Południowej pomógł statkowi z Korei Północnej w odparciu ataku tej grupy przestępców z Somalii Piraci
36%
6 maj 2009 Pierwszy przypadek zakażenia wirusemA/H1N1 w Polsce, powodujący tę chorobę Świńska grypa
36%
28 maj 1998 Ten kraj po raz pierwszy testuje swoją broń jądrową Pakistan
35%
31 maj 1916 Wielka Brytania i Niemcy walczą w tej słynnej bitwie morskiej, nazwanej od głównego półwyspu Danii Bitwa jutlandzka
32%
22 maj 1990 Dochodzi do zjednoczenia tego bliskowschodniego państwa Jemen
31%
18 maj 1810 Rozpoczęły się walki z Hiszpanami o niepodległość tego kraju Argentyna
30%
17 maj 1809 Francja zaanektowała to państwo leżące na obszarze dzisiejszych Włoch Państwo Kościelne
21%
1 maj 1890 Pierwsze obchody Święta Pracy, ustanowionego przez tę organizację II Międzynarodówka
16%
Nie znaleziono quizów pasujących do podanych kryteriów
Rozkład punktacji
Procent ludzi z każdym wynikiem
Percentyl według liczby udzielonych odpowiedzi
Twoja historia wyników
Nie rozwiązałeś tego quizu